| 000 -CABECERA |
| Longitud fija campo de control |
00597nam a2200205 a 4500 |
| 001 - NÚMERO DE CONTROL |
| Número de control |
5917 |
| 003 - IDENTIFICADOR DEL NÚMERO DE CONTROL |
| Identificador del número de control |
CDMR |
| 005 - FECHA Y HORA DE LA ÚLTIMA TRANSACCIÓN |
| Fecha y hora de la última transacción |
20131009172857.0 |
| 008 - CÓDIGOS DE INFORMACIÓN DE LONGITUD FIJA |
| Códigos de información de longitud fija |
130220s2010||||||||||||||||||||||||||||d |
| 020 ## - NÚMERO INTERNACIONAL NORMALIZADO PARA LIBROS |
| Número Internacional Normalizado para Libros (ISBN) |
9788482569178 |
| 040 ## - FUENTE DE LA CATALOGACIÓN |
| Centro catalogador de origen |
CDMR |
| Lengua de catalogación |
cat |
| Centro transcriptor |
CDMR |
| 100 1# - PUNTO DE ACCESO PRINCIPAL-NOMBRE DE PERSONA |
| Nombre de persona |
Torra, Quim |
| 9 (RLIN) |
2932 |
| 245 10 - MENCIÓN DE TÍTULO |
| Título |
Viatge involuntari a la Catalunya impossible |
| Resto del título |
: tres periodistes oblidats i l'espectre d'Eugeni Xammar |
| Mención de responsabilidad, etc. |
Quim Torra |
| 260 ## - PUBLICACIÓN, DISTRIBUCIÓN, ETC. (PIE DE IMPRENTA) |
| Lugar de publicación, distribución, etc. |
Barcelona |
| Nombre del editor, distribuidor, etc. |
Proa |
| Fecha de publicación, distribución, etc. |
2010 |
| 300 ## - DESCRIPCIÓN FÍSICA |
| Extensión |
297 p ; |
| Dimensiones |
16 cm |
| 490 0# - MENCIÓN DE SERIE |
| Mención de serie |
La mirada |
| Designación de volumen o secuencia |
80 |
| 600 ## - PUNTO DE ACCESO ADICIONAL DE MATERIA - NOMBRE DE PERSONA |
| Nombre de persona |
Capdevila, Lluís |
| 9 (RLIN) |
2934 |
| 600 1# - PUNTO DE ACCESO ADICIONAL DE MATERIA - NOMBRE DE PERSONA |
| Nombre de persona |
Xammar, Eugeni |
| 9 (RLIN) |
1340 |
| 942 ## - ENTRADA DE ELEMENTOS AGREGADOS (KOHA) |
| Koha [por defecto] tipo de item |
Monografies |
| Fuente de clasificaión o esquema |
|